Comedias: Los Mellizos. El militar fanfarrón. La olla. El Gorgojo. Anfitrión. Los cautivos
Сохранить в:
| Главный автор: | |
|---|---|
| Формат: | |
| Язык: | Undetermined |
| Опубликовано: |
México, Distrito Federal
Editorial Porrúa
1992
|
| Редактирование: | 7 |
| Предметы: | |
| Метки: |
Добавить метку
Нет меток, Требуется 1-ая метка записи!
|
MARC
| LEADER | 00000nam a2200000Ia 4500 | ||
|---|---|---|---|
| 008 | 170316s9999 xx 000 0 und d | ||
| 040 | |a cru BVZT | ||
| 090 | |a 870 P-2c | ||
| 100 | |a Plauto, T. Maccio | ||
| 245 | |a Comedias: Los Mellizos. El militar fanfarrón. La olla. El Gorgojo. Anfitrión. Los cautivos | ||
| 250 | |a 7 | ||
| 260 | |a México, Distrito Federal | ||
| 260 | |b Editorial Porrúa | ||
| 260 | |c 1992 | ||
| 300 | |a 236 páginas | ||
| 650 | |a LITERATURA LATINA | ||
| 650 | |a COMEDIAS | ||
| 650 | |a LOS MELLIZOS | ||
| 650 | |a EL MILITAR FANFARRON | ||
| 650 | |a LA OLLA | ||
| 650 | |a EL GORGOJO | ||
| 650 | |a ANFITRION | ||
| 650 | |a LOS CAUTIVOS | ||
| 999 | |c 11780 |d 11780 | ||
| 942 | |c 15 D |h 870 P-2c |2 z | ||
